000 00727cam a2200253 4500
008 090401t1992 xxu||||| |||| 00| 0 eng d
020 _a1853961795
035 _a(Sirsi) u46212
041 _aeng
050 _a333.72
100 _aSelman, Paul
245 _aEnvironmental planning: the conservation and development of biophysical resources.
260 _aLondon
_bPaul Chapman Publishing Ltd.
_c1992
300 _aix,195p. ; 24cm.
350 _a13.95
650 _aBIOPHYSICAL RESOURCES
650 _aENVIRONMENTAL IMPACT ASSESSMENTS
650 _aENVIRONMENTAL PLANNING
650 _aFARM LAND
650 _aRURAL AREAS
690 _aENVIRONMENTAL AND LAND CONSULTANCY
942 _n0
948 _c04/03/1997
999 _c91888
_d91888